000 01121nam a2200289 a 4500
003 BLK
005 20250709094403.0
008 241217b bu |||||r|||| 00| | bu d
020 _a9786197241747
040 _aBLK
041 _aBUL
_cBUL
080 _aФизиология
_b612
_x:087.5
_z612:087.5
_9240415
084 _aС 34
100 _9496472
_aСерано, Лусия
245 _aТвоето тяло е твое
_cЛусия Серано ; ил. Лусия Серано ; прев. Елица Попова
260 _9401592
_aСофия
_bМармот
_c2024
_fСофия : Спектър
300 _a35 с.
_bс портр., цв. ил.
_c28 см
380 _aDN
500 _aОриг. загл.: Tu cuerpo tuyo / Lucía Serrano. - За авт., прев.: с. 35
700 _aПопова, Елица Емилова
_9496459
852 _aЦб ІІ 33484
_bЦб
852 _bД
_cДН 61/С 34 Л
942 _cKNG
_n0
_s1
_014
944 _cГеновева Генчева
_k30537
_lГрета Цуфелде
944 _aED
_c2025-01-15
_kМ.Я.
999 _c523855
_d523855